[Event "29th Czech Open-Rapid 2018"]
[Site "Pardubice"]
[Date "2018.07.19"]
[Round "5"]
[White "Rakshitta, Ravi"]
[Black "Grekh, Andrey"]
[Result "0-1"]
[WhiteElo "1565"]
[BlackElo "2351"]
[Annotator "NA"]
[PlyCount "68"]
[EventDate "2018.07.18"]
[EventType "swiss"]
[EventCountry "CZE"]
[SourceTitle "playchess.com"]
[Source "ChessBase"]
[SourceQuality "1"]
[TimeControl "900+10"]

1. e4 {[%emt 0:00:34]} c5 {[%emt 0:00:00]} 2. Nc3 {[%emt 0:00:02]} Nc6 {[%emt 0:00:00]} 3. Bb5 {[%emt 0:00:01]} e6 {[%emt 0:00:00]} 4. Nf3 {[%emt 0:00:05]} Nge7 {[%emt 0:00:05]} 5. O-O {[%emt 0:00:04]} a6 {[%emt 0:00:01]} 6. Be2 {[%emt 0:00:05]} Ng6 {[%emt 0:00:12]} 7. d4 {[%emt 0:00:06]} cxd4 {[%emt 0:00:06]} 8. Nxd4 {[%emt 0:00:02]} Be7 {[%emt 0:00:29]} 9. Be3 {[%emt 0:00:49]} O-O {[%emt 0:00:56]} 10. f4 {[%emt 0:00:49]} d6 {[%emt 0:00:37]} 11. Kh1 {[%emt 0:00:05]} Nxd4 {[%emt 0:00:44]} 12. Bxd4 {[%emt 0:00:25]} e5 {[%emt 0:00:07]} 13. Be3 {[%emt 0:00:38]} exf4 {[%emt 0:00:09]} 14. Bxf4 {[%emt 0:00:01]} Nxf4 {[%emt 0:00:03]} 15. Rxf4 {[%emt 0:00:02]} Bf6 {[%emt 0:00:05]} 16. Bg4 {[%emt 0:01:46]} Be5 {[%emt 0:00:22]} 17. Bxc8 {[%emt 0:04:01]} Bxf4 {[%emt 0:00:20]} 18. Bh3 {[%emt 0:00:16]} Be5 {[%emt 0:00:43]} 19. Nd5 {[%emt 0:00:13]} Bxb2 {[%emt 0:00:56]} 20. Rb1 {[%emt 0:00:01]} Be5 {[%emt 0:00:03]} 21. Rxb7 {[%emt 0:00:02]} Qh4 {[%emt 0:01:36]} 22. Ne7+ {[%emt 0:01:02]} Kh8 {[%emt 0:00:02]} 23. Nf5 {[%emt 0:00:01]} Qxe4 {[%emt 0:00:34]} 24. Re7 {[%emt 0:00:44]} Qf4 {[%emt 0:00:30]} 25. g3 {[%emt 0:00:36]} Qe4+ {[%emt 0:00:11]} 26. Kg1 {[%emt 0:00:02]} g6 {[%emt 0:00:43]} 27. Bg2 {[%emt 0:02:52]} Qxf5 {[%emt 0:00:03]} 28. Bxa8 {[%emt 0:00:03]} Rxa8 {[%emt 0:00:01]} 29. Qd5 {[%emt 0:00:07]} Rf8 {[%emt 0:00:09]} 30. c4 {[%emt 0:00:06]} Qb1+ {[%emt 0:01:03]} 31. Kg2 {[%emt 0:00:04]} Qxa2+ {[%emt 0:00:02]} 32. Kh3 {[%emt 0:00:01]} Qf2 {[%emt 0:00:14]} 33. c5 {[%emt 0:00:08]} Qf1+ {[%emt 0:00:09]} 34. Qg2 {[%emt 0:00:25]} Qf5+ {[%emt 0:00:02]} 0-1

[Event "29th Czech Open-Rapid 2018"]
[Site "Pardubice"]
[Date "2018.07.19"]
[Round "6"]
[White "Bernadskiy, Vitaliy"]
[Black "Paravyan, David"]
[Result "0-1"]
[WhiteElo "2631"]
[BlackElo "2593"]
[Annotator "TA"]
[PlyCount "88"]
[EventDate "2018.07.18"]
[EventType "swiss"]
[EventCountry "CZE"]
[SourceTitle "playchess.com"]
[Source "ChessBase"]
[SourceQuality "1"]

{[%evp 9,88,-6,-8,-6,0,-12,-3,-7,3,-12,0,-27,0,-24,-8,-19,-10,-8,8,7,7,8,16,10,25,0,0,0,13,-17,-8,-18,0,-20,-14,-24,-20,-41,-41,-40,-6,-18,-6,-7,-7,-6,0,-8,-8,0,0,-8,-8,-9,-13,-34,0,0,0,0,0,0,0,-275,-277,-291,-311,-325,-299,-279,-233,-1071,-1072,-1668,-1628,-5057,-5057,-29980,-29981,-29987,-29988]} 1. d4 Nf6 2. Bg5 d5 3. Nd2 c5 4. dxc5 e6 5. e4 Bxc5 {White should prevent ...Qb6.} 6. Qe2 {D00: 1 d4 d5: Unusual lines} h6 7. Bh4 $1 Be7 8. e5 $146 {The position is equal.} ({Predecessor:} 8. O-O-O Nc6 9. Ngf3 Qa5 10. Kb1 g5 11. Bg3 dxe4 12. Nxe4 Nxe4 13. Qxe4 {0-1 (25) Van Wely,L (2653)-Bacrot,E (2704) Calvi 2015}) 8... Ng8 9. Bxe7 Nxe7 10. Ngf3 Bd7 11. Nb3 Qb6 12. O-O-O Nbc6 13. Kb1 a5 14. Nbd4 O-O {[%cal Bh8f8,Bf8c8,Bc8c6,Bc6b6,Bb6b4][%mdl 32]} 15. Qe3 Nxd4 16. Nxd4 Rfc8 17. Bd3 Nc6 18. Nxc6 Rxc6 19. Qxb6 Rxb6 20. f4 Rc8 21. Rhf1 Bb5 22. f5 Bxd3 23. Rxd3 $11 {[%mdl 4096] Endgame KRR-KRR} Rb4 24. Re3 Rcc4 25. a3 Rf4 26. Rxf4 Rxf4 27. fxe6 fxe6 {KR-KR} 28. Rb3 Rf1+ 29. Ka2 Rf2 30. Rxb7 Rxg2 31. b4 axb4 ({But not} 31... Rxc2+ 32. Kb3 $14) ({Reject} 31... Rxh2 $6 32. bxa5 Rxc2+ 33. Kb3 $14) 32. a4 (32. axb4 $5 {[%cal Rb7c7]} Rxc2+ 33. Kb3 Rxh2 34. b5 $11) 32... Rxc2+ 33. Kb3 Rxh2 34. a5 {Threatens to win with a6.} Rh3+ 35. Kxb4 Rh1 36. Re7 $2 {[%mdl 8192] [#]} (36. Kc5 $11 {and White has nothing to worry.}) 36... h5 $1 $19 {[%cal Bh6h5,Bh5h4,Bh4h3,Bh3h2][%mdl 32]} 37. a6 {Black must now prevent a7.} Ra1 38. Rxe6 h4 39. Re8+ Kh7 40. e6 $2 {[#]} (40. Rf8 Rxa6 41. Kc5) 40... Rxa6 41. e7 Re6 42. Kc5 h3 43. Kxd5 Re1 44. Ra8 h2 {Precision: White = 37%, Black = 56%.} 0-1

[Event "29th Czech Open-Rapid 2018"]
[Site "Pardubice"]
[Date "2018.07.19"]
[Round "6"]
[White "Boruchovsky, Avital"]
[Black "Kulkarni, Chinmay"]
[Result "1-0"]
[WhiteElo "2576"]
[BlackElo "2290"]
[Annotator "TA"]
[PlyCount "67"]
[EventDate "2018.07.18"]
[EventType "swiss"]
[EventCountry "CZE"]
[SourceTitle "playchess.com"]
[Source "ChessBase"]
[SourceQuality "1"]

{[%evp 34,67,17,10,20,15,27,36,60,59,108,83,222,222,228,231,231,230,227,230,231,231,223,230,230,206,381,232,1052,1028,1082,1077,1347,1347,1275,1265]} 1. e4 c5 2. c3 Nf6 3. e5 Nd5 4. d4 cxd4 5. cxd4 d6 6. Nf3 Nc6 7. Bc4 Nb6 8. Bb5 dxe5 9. Nxe5 Bd7 10. Nxd7 Qxd7 11. Nc3 e6 12. O-O Be7 13. Qg4 O-O 14. Bxc6 {B22: Sicilian: 2 c3} bxc6 15. Bh6 Bf6 16. Rfd1 {[%cal Bf1d1,Bd1d3,Bd3f3][%mdl 32]} (16. Rad1 Kh8 17. Ne4 Qe7 18. Bf4 Rad8 19. Qg3 Rg8 20. Bd6 Qd7 21. Bc7 Rc8 {1-0 (83) Vajda,L (2596)-Markos,J (2572) Slovakia 2017}) 16... Nd5 17. Ne4 Qe7 18. Rac1 {LiveBook: 13 Games} Rac8 19. h4 Kh8 $146 ({Predecessor:} 19... Rfe8 20. a3 Kh8 21. Bg5 h6 22. Rd3 Qf8 23. Bxf6 gxf6 24. Qg3 Red8 25. Rb3 Qe7 26. Nc5 Rg8 27. Qh2 Rg4 {½-½ (27) Fiebig,T (2417)-Michalczak,T (2316) Belgium 2012}) 20. Bg5 h6 21. Rd3 Rg8 22. Rf3 Kh7 {[#]} (22... Bxg5 $16 {was worth a try.} 23. hxg5 f5 24. gxf6 gxf6) 23. Qh5 $1 $18 Qf8 24. Bxf6 gxf6 25. Rxf6 ({Resist} 25. Nxf6+ $6 Nxf6 26. Rxf6 Rxg2+ 27. Kf1 Rg6 $16) 25... Nxf6 26. Nxf6+ $40 {[%mdl 128] White is out for blood.} Kh8 {Threatening ...Rg6.} 27. Nxg8 Kxg8 {[%mdl 4096] Endgame KQR-KQR} 28. Rc3 Rd8 29. Qe5 ({Don't play} 29. Rxc6 $6 Rxd4 30. Rc3 a6) 29... Qd6 $2 (29... Rd5 {keeps fighting.} 30. Qf4 (30. Rg3+ Kh7 $18) 30... Rf5) 30. Qf6 Qxd4 $2 (30... Qf8 31. Rxc6 Rd7) 31. Qxh6 {[#] Intending Rg3+ and mate.White is clearly winning.} Qd1+ 32. Kh2 {White wants to mate with Rg3+.} Rd3 33. Rxc6 {Threatening mate with Rc8+.} Rd8 34. Rc3 {Precision: White = 97%, Black = 17%.} 1-0

[Event "29th Czech Open-Rapid 2018"]
[Site "Pardubice"]
[Date "2018.07.19"]
[Round "6"]
[White "Stocek, Jiri"]
[Black "Sengupta, Deep"]
[Result "1-0"]
[WhiteElo "2528"]
[BlackElo "2482"]
[Annotator "TA"]
[PlyCount "91"]
[EventDate "2018.07.18"]
[EventType "swiss"]
[EventCountry "CZE"]
[SourceTitle "playchess.com"]
[Source "ChessBase"]
[SourceQuality "1"]

{[%evp 20,91,0,-8,0,0,8,0,0,-7,19,14,24,22,16,22,61,61,57,58,81,74,161,172,158,166,219,201,199,172,178,161,158,162,172,137,303,293,302,309,305,310,310,315,320,309,302,309,302,289,337,340,333,315,320,337,349,349,344,337,355,331,361,350,341,336,688,661,5206,5206,2133,1877,29994,29995]} 1. Nf3 d5 2. c4 c6 3. g3 Nf6 4. Bg2 g6 5. Qc2 Bg7 6. d3 O-O 7. O-O Re8 8. Bf4 {A11: English Opening: 1...c6} Nbd7 (8... Nh5 9. Be5 Na6 10. Bxg7 Nxg7 11. cxd5 cxd5 12. Nc3 e5 13. Rac1 Nc7 14. Qb3 Rb8 15. Nb5 Nxb5 16. Qxb5 {0-1 (60) Efimenko,Z (2661)-Vocaturo,D (2557) Rhodes 2013}) 9. cxd5 Nxd5 10. Bd2 e5 11. Nc3 {LiveBook: 5 Games} N7b6 12. Ne4 $146 ({Predecessor:} 12. a3 h6 13. Rfe1 Bg4 14. Ne4 Qe7 15. h3 Bc8 {1-0 (54) Vokac,M (2451)-Baum,B (2199) Cesky Krumlov 2008}) 12... h6 13. Rfd1 Qe7 14. Rac1 Kh7 15. Nc5 Nd7 16. Nb3 N7f6 17. e4 Nc7 18. h3 $36 {[%mdl 2048] White has good play.} Nd7 19. d4 exd4 20. Nfxd4 Ne6 {[#]} (20... Na6 $16) 21. Nf5 $1 $18 {[%cal Rf5e7]} gxf5 22. exf5 {Hoping for f6+.} Kh8 (22... Nf6 {is a better defense.}) 23. fxe6 fxe6 24. Re1 Qf7 25. Bc3 e5 26. Nd2 {[%cal Bb3d2,Bd2e4,Be4d6][%mdl 32]} Nf8 27. Ne4 {aiming for Nd6.} Bf5 $2 (27... Rd8 $16 28. Rcd1 Bf5) 28. Nd6 $1 {[%csl LRe8,LRf5,LRf7]} Bxc2 29. Nxf7+ Kg8 30. Nd6 ({Weaker is} 30. Rxc2 Kxf7 31. Rce2 Rad8 $16) (30. Nxe5 $6 Bf5 $18) 30... Re6 31. Nxb7 ({Not} 31. Rxc2 Rxd6 32. Bf1 Rad8 $16) 31... Bg6 32. Nc5 Re7 33. Bxc6 Rc8 34. Bd5+ Kh7 35. b4 Rd8 36. Be4 Bxe4 37. Rxe4 Ne6 38. Nxe6 ({Less strong is} 38. Bxe5 Ng5 $16) 38... Rxe6 39. Rce1 Rd5 40. R1e3 Kg6 41. f4 Ra6 42. fxe5 Rxa2 $2 (42... Rd1+ 43. Be1 Kf7) 43. e6 Bxc3 44. e7 Rd1+ {[#]} 45. Re1 $1 {[%mdl 512]} Rdd2 (45... Bxe1 46. e8=Q+) 46. e8=Q+ {Precision: White = 80%, Black = 36%.} 1-0

[Event "29th Czech Open-Rapid 2018"]
[Site "Pardubice"]
[Date "2018.07.19"]
[Round "6"]
[White "Geller, Jakov"]
[Black "Zilka, Stepan"]
[Result "1-0"]
[WhiteElo "2515"]
[BlackElo "2477"]
[Annotator "TA"]
[PlyCount "145"]
[EventDate "2018.07.18"]
[EventType "swiss"]
[EventCountry "CZE"]
[SourceTitle "playchess.com"]
[Source "ChessBase"]
[SourceQuality "1"]

{[%evp 18,145,-12,-8,18,0,0,-8,27,22,61,32,40,31,66,18,119,44,43,39,133,140,153,158,155,155,134,121,115,116,110,113,120,120,218,202,231,233,218,188,337,339,319,285,693,669,806,799,727,755,619,638,778,759,709,678,844,1111,755,1039,912,481,918,878,601,830,29951,12799,10275,6394,29954,10617,6095,5497,29965,29969,29968,29960,29969,29970,29969,29970,29974,29975,29977,29978,29978,29979,29980,29976,29973,29975,29975,29976,29975,29974,29982,29983,29985,29975,29975,29976,29976,29977,29977,29978,29978,29979,29979,29980,29980,29981,29981,29982,29982,29983,29983,29984,29984,29985,29988,29989,29991,29992,29992,29993,29993,29994,29995,29994]} 1. e4 e6 2. d4 d5 3. Nc3 Nf6 4. Bg5 dxe4 5. Nxe4 Be7 6. Nxf6+ Bxf6 7. Bxf6 Qxf6 8. Nf3 O-O 9. Bd3 c5 10. c3 {LiveBook: 13 Partien. C13: Französische Verteidigung (Klassisches System)} (10. Qe2 cxd4 11. Qe4 g6 12. Nxd4 e5 13. Nf3 Nc6 14. O-O Bf5 15. Qe3 e4 16. Bxe4 Bxe4 17. Qxe4 Qxb2 18. Rab1 Qxa2 19. Rxb7 {1-0 (30) Gunina,V (2510)-Ju,W (2567) Riadh 2017}) 10... Rd8 {[%cal Rc5d4]} 11. Qe2 cxd4 12. Nxd4 {Die Stellung ist ausgeglichen.} Nd7 13. O-O Qe5 $146 ({Vorgänger:} 13... e5 14. Nf3 Re8 15. Rfe1 Qf4 16. Qe4 Qxe4 17. Bxe4 f6 18. Rad1 Nc5 19. Bd5+ {1-0 (57) Kiss,L (2204)-Matt,F (2053) Oberwart 2010}) 14. Rfd1 Qxe2 15. Bxe2 Nf6 16. Bf3 (16. Nc6 $5 {[%cal Rd1d8]} Rxd1+ 17. Rxd1 $14) 16... a6 {[#]} (16... Bd7 $11 {bleibt in der Remisbreite.}) 17. Nb5 (17. Nc6 $1 $16 Rf8 18. Ne5) 17... Rxd1+ $14 18. Rxd1 {Droht Matt per Td8+.} Bd7 (18... Kf8 $1 $14 19. Nd6 Rb8) 19. Nd6 $16 Bc6 20. Nxb7 Bxf3 21. gxf3 {[%mdl 4096] Endspiel KTS-KTS} Kf8 22. Rd8+ Rxd8 23. Nxd8 {KS-KS} Ke7 24. Nb7 Nd7 25. Kf1 g5 (25... Nb6 $16) 26. Ke2 Ne5 27. Nc5 a5 28. a4 {[%cal Ba2a4,Ba4a5,Ba5a6][%mdl 32]} h5 (28... Nc6 $142 29. Kd3 Ne5+ 30. Ke4 Nc6) 29. b4 $18 axb4 30. cxb4 g4 $2 (30... Kd6 31. Ne4+ Kd5 32. Nxg5 Kc4) 31. fxg4 hxg4 32. a5 Nc6 33. a6 Kd6 34. Nb3 Kc7 35. b5 Na7 36. Nd4 e5 37. Nc6 Nxb5 38. Nxe5 f5 39. Nc4 Nc3+ (39... Nd4+ $142 40. Ke3 Nf3) 40. Kd2 Ne4+ 41. Ke3 Nc5 42. a7 Kb7 43. Nd6+ Kxa7 44. Nxf5 Kb6 45. Nh6 Kc6 46. Nxg4 {Weiß setzt Matt.} Kd6 47. Kf4 Nd3+ 48. Kf5 Ke7 49. f4 {[%cal Bf2f4,Bf4f5,Bf5f6][%mdl 32]} Kf8 50. Ne5 Nf2 51. Kg6 Nh3 52. Nd3 Ng1 53. f5 Nf3 54. f6 Nh4+ {[#]} 55. Kg5 $1 Nf3+ 56. Kf5 Nd4+ 57. Kg6 Nf3 58. h3 Nh4+ 59. Kg5 Nf3+ 60. Kf4 Nd4 61. Ne5 Kg8 62. h4 Kh7 63. Ke4 Ne6 64. Kd5 Nf4+ 65. Kd6 Kg8 66. Ke7 Nd5+ 67. Ke6 Nf4+ 68. Kf5 Nd5 69. h5 {[%cal Bh4h5,Bh5h6][%mdl 32]} Kh7 70. f7 Kg7 {[#]} 71. h6+ $1 Kf8 (71... Kxh6 72. f8=Q+) 72. h7 Ne7+ 73. Ke4 {Precision: Weiß = 82%, Schwarz = 32%.} 1-0

[Event "29th Czech Open-Rapid 2018"]
[Site "Pardubice"]
[Date "2018.07.19"]
[Round "6"]
[White "Shyam, Sundar R"]
[Black "Zakhartsov, Viacheslav V"]
[Result "0-1"]
[WhiteElo "2505"]
[BlackElo "2475"]
[Annotator "TA"]
[PlyCount "98"]
[EventDate "2018.07.18"]
[EventType "swiss"]
[EventCountry "CZE"]
[SourceTitle "playchess.com"]
[Source "ChessBase"]
[SourceQuality "1"]

{[%evp 18,98,22,27,15,14,18,0,5,14,29,27,35,41,44,29,26,11,12,11,46,24,25,4,39,23,25,19,21,0,4,1,27,0,11,16,8,-9,0,-418,-422,-506,-505,-491,-492,-535,-521,-639,-647,-639,-624,-789,-778,-805,-777,-708,-691,-669,-668,-633,-623,-789,-775,-724,-708,-1064,-1031,-1024,-1017,-1017,-976,-5841,-6645,-6211,-999,-6041,-5612,-29965,-29960,-29969,-7124,-29960,-12772]} 1. e4 c5 2. Nf3 d6 3. d4 cxd4 4. Qxd4 Nc6 5. Bb5 Bd7 6. Qd3 {B53: Sicilian: 2...d6: Lines with Qxd4} a6 (6... g6 7. O-O Bg7 8. c4 Nf6 9. Nc3 O-O 10. h3 Rc8 11. Be3 Nb4 12. Qe2 a6 13. Bxd7 Nxd7 14. Rac1 Bxc3 15. Rxc3 Nxa2 {½-½ (28) Malakhov,V (2691)-Safarli,E (2657) Brest 2018}) 7. Bxc6 Bxc6 8. c4 Nf6 9. Nc3 g6 10. O-O {LiveBook: 13 Games} Bg7 11. Be3 O-O 12. Rac1 Rc8 13. h3 Qa5 14. Nd4 Rfd8 $146 ({Predecessor:} 14... Nd7 15. Nd5 Bxd5 16. exd5 Ne5 17. Qb3 Qc7 18. a3 Nd7 19. Qa2 Qb8 20. b4 {1-0 (51) Brunova,B (1992)-Espinosa Cancino,M (1682) Prague 2016}) 15. Rfd1 Be8 16. a3 e6 17. Qe2 h6 18. f3 {[%cal Bf2f3,Bf3f4][%mdl 32]} Nd7 19. f4 Nf6 20. Bf2 Qc7 21. b3 e5 22. fxe5 dxe5 23. Nf3 Rxd1+ 24. Rxd1 Bf8 25. a4 Bb4 26. Nd5 Nxd5 27. cxd5 Kg7 28. Nxe5 $2 {[%mdl 8192] [#]} (28. Kh2 $11 {and White stays safe.}) 28... Qxe5 $19 29. Bd4 Bc5 30. Bxc5 Rxc5 31. d6 Bd7 32. Kh1 Rc6 33. Qd2 Qxe4 34. Re1 Rc2 35. Qxh6+ Kxh6 {[%csl Gc2][%cal Re4g2] [#]} 36. Rxe4 {[%mdl 4096] Endgame KRB-KR} Rd2 37. Re7 Rxd6 38. Rxf7 Bc6 39. Rf2 Rd1+ 40. Kh2 Rb1 41. g4 Rxb3 42. h4 Kg7 43. a5 Ra3 44. g5 Rxa5 45. Re2 Kf7 46. Rf2+ Rf5 47. Rd2 a5 {[%cal Ba6a5,Ba5a4][%mdl 32]} 48. Rd8 a4 49. Ra8 Rf3 {Precision: White = 41%, Black = 54%.} 0-1

[Event "29th Czech Open-Rapid 2018"]
[Site "Pardubice"]
[Date "2018.07.19"]
[Round "6"]
[White "Lalic, Bogdan"]
[Black "Cerveny, Martin"]
[Result "0-1"]
[WhiteElo "2504"]
[BlackElo "2388"]
[Annotator "TA"]
[PlyCount "110"]
[EventDate "2018.07.18"]
[EventType "swiss"]
[EventCountry "CZE"]
[SourceTitle "playchess.com"]
[Source "ChessBase"]
[SourceQuality "1"]

{[%evp 19,110,51,49,32,46,17,29,34,30,0,0,-11,-14,-10,-13,-8,0,-22,-18,-22,-18,-21,-13,-40,-47,-73,-29,-28,-34,-37,-33,-36,-37,-36,-41,-55,-32,-32,-32,-32,-32,-32,-32,-34,0,-8,0,0,0,-50,-57,-45,-64,-106,-104,-425,-418,-420,-340,-309,-296,-370,-365,-336,-342,-540,-427,-610,-600,-1034,-462,-539,-444,-441,-432,-580,-578,-580,-580,-580,-580,-580,-580,-580,-580,-4145,-4141,-4141,-4141,-4137,-4137,-4137,-4137]} 1. c4 Nf6 2. Nc3 c5 3. g3 Nc6 4. Bg2 g6 5. Nf3 Bg7 6. d4 cxd4 7. Nxd4 O-O 8. O-O Qb6 9. Nc2 d6 10. Ne3 Be6 {LiveBook: 4 Games. A39: Symmetrical English vs ...g6: 4 Bg2 Bg7 5 Nf3 Nf6 6 0-0 0-0 7 d4} (10... Qc5 11. Ncd5 Nxd5 12. cxd5 Nd4 13. Re1 Qb5 14. Rb1 Bd7 15. Bd2 Rfc8 16. Bc3 Qb6 17. Qd2 Nf5 18. Nxf5 Bxf5 {1-0 (31) Melkumyan,H (2654)-Alekseev,E (2642) Minsk 2015}) 11. Rb1 Qa5 12. Ned5 $146 ({Predecessor:} 12. a3 Qh5 13. Ncd5 Bxd5 14. Nxd5 Nxd5 15. Bxd5 Ne5 16. b3 Rab8 17. Bg2 b6 18. e4 Qxd1 19. Rxd1 {½-½ (29) Lindner,A (2198)-Snuverink,J (2219) Germany 2004}) 12... Bxd5 {The position is equal.} 13. cxd5 Ne5 14. Qb3 Rfc8 15. Bh3 Rc7 16. Rd1 a6 17. Bd2 b5 18. a4 {[%cal Ra4b5]} (18. Ne4 {is more complex.} Qb6 19. Nxf6+ Bxf6 20. Be3 Qa5 21. Bd2) 18... bxa4 19. Qxa4 Qxa4 20. Nxa4 Rb8 ({But not} 20... Nxd5 $2 21. Ba5 $18) 21. Bc3 (21. Bg2 {is interesting.} Ne8 22. Ba5 Rc2 23. Rbc1 Rbc8 24. Bc3) 21... Ne4 22. Bg2 Nxc3 (22... Rc4 {feels hotter.} 23. Ra1 Nd7 24. Bf1 Bxc3 25. Nxc3 Nxc3 26. bxc3 Nc5) 23. bxc3 Rcb7 24. Ra1 f5 25. Bf1 a5 26. e3 Nd7 27. Ra2 Rb1 28. Rxb1 Rxb1 29. Kg2 Rc1 30. Bb5 Nf6 $36 {[%mdl 2048] Black has some pressure.} 31. c4 g5 32. h3 h5 33. Nb6 g4 34. Nc8 Kf7 35. hxg4 hxg4 36. Na7 Ne4 37. f3 $2 {[%mdl 8192] [#]} (37. Nc6 $17 {is tougher.}) 37... Nc3 $19 38. Rf2 {fxg4 would now be nice for White.} Nd1 39. Re2 Bh6 40. f4 Nc3 41. Rd2 {[#] White hopes to continue with Bd7.} a4 $1 {[%cal Ra4a3]} 42. Nc6 (42. Bd7 $142 a3 43. Bxf5) 42... Bg7 {Strongly threatening ...a3.Black is clearly winning.} 43. Nb4 (43. Ba6 $142) 43... a3 44. c5 dxc5 (44... Nxb5 $142 45. c6 Bc3) 45. Nd3 Rb1 ({Less strong is} 45... Nxb5 46. Nxc1 Nc3 47. d6 $17) 46. Bc4 Kg6 47. Nxc5 Rb2 48. Rxb2 axb2 {[%mdl 4096] Endgame KBN-KBN} 49. Bd3 b1=Q 50. Bxb1 Nxb1 51. e4 Nc3 52. exf5+ Kxf5 53. Ne6 Bf6 54. Nc7 Ke4 55. Ne6 Kxd5 {Precision: White = 32%, Black = 68%.} 0-1

[Event "29th Czech Open-Rapid 2018"]
[Site "Pardubice"]
[Date "2018.07.19"]
[Round "6"]
[White "Deepan, Chakkravarthy J"]
[Black "Potapov, Pavel"]
[Result "1/2-1/2"]
[WhiteElo "2499"]
[BlackElo "2585"]
[Annotator "TA"]
[PlyCount "67"]
[EventDate "2018.07.18"]
[EventType "swiss"]
[EventCountry "CZE"]
[SourceTitle "playchess.com"]
[Source "ChessBase"]
[SourceQuality "1"]

{[%evp 24,67,-103,-109,-70,-54,-53,-59,-30,-27,-42,-37,-33,-38,-26,-415,-387,-377,-383,-363,-362,-500,-513,-570,-418,-408,-383,-462,-456,-582,0,0,0,0,0,0,0,0,0,0,0,0,0,0,0,0]} 1. e4 c5 2. Nf3 Nc6 3. Bb5 g6 4. O-O Bg7 5. Re1 Nf6 6. c3 {[%cal Bc2c3,Bc3c4][%mdl 32]} O-O 7. d4 d5 8. exd5 Qxd5 9. c4 Qd6 10. d5 Nd4 {B31: Sicilian: 2...Nc6 3 Bb5 g6} 11. Nxd4 cxd4 12. h3 a6 13. Ba4 {LiveBook: 3 Games} e5 14. Bc2 b5 15. b3 {[#]} e4 $1 {[%mdl 512]} 16. Bxe4 Nxe4 17. Rxe4 Bf5 18. Rxd4 Rfe8 $146 ({Much weaker is} 18... Qb6 $6 19. Be3 $16) 19. Be3 $2 {[%mdl 8192] [#]} (19. Bb2 $1 $11 {and White has nothing to worry.}) 19... Rxe3 $1 $19 20. fxe3 Qg3 21. Qd2 {[#] aiming for Qf2.} Re8 $1 {[%cal Re8e3]} 22. Na3 Rxe3 23. Rf1 Bxd4 24. Qxd4 b4 (24... Re2 $2 25. Rf2 $19) 25. d6 Re2 {[%csl Ge2][%cal Rg3g2]} 26. Qd5 {Black must now prevent d7.} Be6 $2 (26... Qe3+ $19 27. Kh2 (27. Kh1 $2 Rxg2 28. Qf3 Qxf3 $19) 27... Qxh3+ 28. Kg1 Qe3+ 29. Kh1 Rd2 30. Qa8+ Kg7) 27. d7 $1 $11 {[%cal Rd7d8] The position is equal.} Bxd5 {[%csl Gd5,Ge2][%cal Rg3g2]} 28. d8=Q+ Kg7 {[%csl Gd5,Ge2][%cal Rg3g2]} 29. Qxd5 {Strongly threatening Nb1.} bxa3 30. Qxf7+ Kh6 {[%csl Ge2][%cal Rg3g2]} 31. Qf8+ Kh5 {[%csl Ge2][%cal Rg3g2]} 32. Qc5+ Kh6 {[%csl Ge2][%cal Rg3g2]} 33. Qf8+ Kh5 {[%csl Ge2][%cal Rg3g2]} 34. Qc5+ {Precision: White = 34%, Black = 55%.} 1/2-1/2

[Event "29th Czech Open-Rapid 2018"]
[Site "Pardubice"]
[Date "2018.07.19"]
[Round "6"]
[White "Bryzgalin, Kirill"]
[Black "Sadhwani, Raunak"]
[Result "1/2-1/2"]
[WhiteElo "2492"]
[BlackElo "2322"]
[Annotator "TA"]
[PlyCount "46"]
[EventDate "2018.07.18"]
[EventType "swiss"]
[EventCountry "CZE"]
[SourceTitle "playchess.com"]
[Source "ChessBase"]
[SourceQuality "1"]

{[%evp 17,46,-12,0,-40,-39,-72,-31,-55,-9,-17,-6,-32,-19,-31,-13,-22,-14,-14,-14,-16,-13,-10,0,-26,-26,-25,-11,-22,-11,-8,-19]} 1. d4 Nf6 2. Nf3 e6 3. Bf4 d5 4. e3 c5 5. c3 Bd6 6. Bg3 O-O 7. Nbd2 Qc7 8. Bd3 Nbd7 9. O-O {D02: 1 d4 d5 2 Nf3 sidelines, including 2...Nf6 3 g3 and 2...Nf6 3 Bf4} e5 {[%cal Be6e5,Be5e4][%mdl 32] [#] LiveBook: 5 Games. aiming for ...e4.} (9... b6 10. e4 Bxg3 11. hxg3 dxe4 12. Nxe4 Bb7 13. Qe2 Rfd8 14. Rad1 cxd4 15. Nxd4 a6 16. Rfe1 h6 {½-½ (37) So,W (2815)-Carlsen,M (2832) chess.com INT 2017}) 10. Bf5 e4 {...Bxg3 is the strong threat.} 11. Ne1 {[%cal Bf3e1,Be1c2,Bc2e3][%mdl 32] Black is slightly better.} cxd4 $146 ({Predecessor:} 11... Re8 12. Bxd7 Bxd7 13. Bxd6 Qxd6 14. dxc5 Qxc5 15. Nb3 Qd6 16. h3 Bb5 {½-½ (81) Gorozhanin,M (2435)-Le,T (2485) chess.com INT 2018}) 12. exd4 Nb6 13. Bxc8 {[#] Hoping for Bxd6.} Raxc8 14. Nc2 Ne8 {[%cal Bf6e8,Be8d6,Bd6c4][%mdl 32]} 15. Ne3 Bxg3 16. fxg3 Nd6 17. g4 Qd7 18. Qe2 Ndc4 19. Ndxc4 Nxc4 20. h3 Nxe3 21. Qxe3 b5 22. Rf5 a5 23. a3 Rc6 {Precision: White = 52%, Black = 62%.} 1/2-1/2